Statistics for Movies in Mistranslation

Click here to take the quiz!

General Stats

  • This quiz has been taken 94 times
  • The average score is 6 of 15

Answer Stats

HintAnswer% Correct
Die SlowlyDie Hard
97%
The Hole of MalkovichBeing John Malkovich
71%
Mom, I Missed the PlaneHome Alone
66%
Inspector HarryDirty Harry
57%
Die Slowly, Now More Than EverDie Hard with a Vengeance
44%
A Very Powerful Whale Runs to HeavenFree Willy
43%
Earth and Comet CollideDeep Impact
35%
Slightly PregnantKnocked Up
33%
The Young People who Traverse Dimensions While Wearing SunglassesThe Matrix
33%
VaselineGrease
31%
Night in the Cramped ForestThe Blair Witch Project
19%
A Twin Seldom Comes AloneThe Parent Trap
14%
If You Leave Me, I Delete YouEternal Sunshine of the Spotless Mind
10%
The Secret is in the SauceFried Green Tomatoes
2%
The Big LiarNixon
1%

Score Distribution

Percentile by Number Answered

Percent of People with Each Score

Your Score History

You have not taken this quiz